[Event "AUTO-INT-2007"]
[Site "http://www.queenalice.com/game.php?id=925838"]
[Date "2011.4.14"]
[Round "1"]
[White "REDWOLF"]
[Black "juniorvaz100"]
[Result "0-1"]
[WhiteElo "1702"]
[BlackElo "1771"]

1. e4 e5 2. Nf3 Qf6 3. d4 exd4 4. Qxd4 Qxd4 5. Nxd4 Bc5 6. Nf5 g6 7. Nh4 Nf6 8.
Nc3 Bb4 9. Bd2 O-O 10. Bc4 Bxc3 11. Bxc3 Nxe4 12. O-O Nxc3 13. bxc3 Nc6 14. f4
d6 15. f5 g5 16. Nf3 Bxf5 17. Nxg5 Bg6 18. Bd5 h6 19. Rf6 Kg7 20. Rxg6+ Kxg6 21.
Nf3 Rae8 22. Rf1 Re2 23. Nh4+ Kg5 24. Nf3+ Kg6 25. Nh4+ Kg7 26. Nf5+ Kh7 27. Rf4
Kg6 28. h4 Rxc2 29. Be4 Rc1+ 30. Kh2 f6 31. Nxd6+ Kg7 32. Rg4+ Kh8 33. Nf5 Ne5
34. Rg3 h5 35. Rg7 Ng4+ 36. Kg3 Rxc3+ 37. Kf4 Rc4 38. Re7 b5 39. Ng7 f5 40. Nxf5
Nh6 41. Kg5 Nxf5 42. Bxf5 Rc5 43. Rh7+ Kg8 44. Kg6 Rfxf5 45. Rg7+ Kf8 46. Kh7
Rf7 0-1

[Event "AUTO-INT-2007"]
[Site "http://www.queenalice.com/game.php?id=925839"]
[Date "2011.4.14"]
[Round "1"]
[White "juniorvaz100"]
[Black "J_Ricardo"]
[Result "1-0"]
[WhiteElo "1756"]
[BlackElo "1554"]

1. e4 e5 2. Nf3 d6 3. Bc4 h6 4. Nc3 Nf6 5. h3 a6 6. Nd5 c6 7. Nxf6+ Qxf6 8. d3
d5 9. exd5 cxd5 10. Bxd5 Nd7 11. Qe2 Nb6 12. Bb3 Bc5 13. Nxe5 Be6 14. Ng4 Qd8
15. Bxe6 O-O 16. Bf5 Re8 17. Be3 Nd5 18. O-O Nxe3 19. fxe3 Re7 20. Rf3 Bd6 21.
Raf1 Bc7 22. Qf2 Qd6 23. g3 Rae8 24. Be4 Qe6 25. Bf5 Qxa2 26. b3 a5 27. Bg6 Rf8
28. Bxf7+ Rfxf7 29. Rxf7 Bxg3 30. Rf8+ Kh7 31. Qf5+ g6 32. Rf7+ Rxf7 33. Qxf7+
Kh8 34. Qf8+ Kh7 35. Rf7# 1-0

[Event "AUTO-INT-2007"]
[Site "http://www.queenalice.com/game.php?id=925840"]
[Date "2011.4.14"]
[Round "1"]
[White "J_Ricardo"]
[Black "juniorvaz100"]
[Result "0-1"]
[WhiteElo "1516"]
[BlackElo "1784"]

1. e4 e5 2. Nf3 Qf6 3. a3 Bc5 4. d3 h6 5. b4 Bb6 6. Bb2 d6 7. Nbd2 Bg4 8. Be2
Nc6 9. b5 Nd8 10. O-O Ne6 11. d4 exd4 12. c3 dxc3 13. Bxc3 Qg6 14. h3 Bxf3 15.
Bxf3 Nf4 16. Nc4 Nxh3+ 17. Kh1 Nxf2+ 18. Rxf2 Bxf2 19. Bd4 Qg3 20. Bxf2 Qxf2 21.
Nd2 g5 22. Rc1 Qb6 23. a4 a5 24. Qf1 h5 25. Nc4 Qd4 26. Rd1 Qc5 27. Nb2 O-O-O
28. Qe1 g4 29. Nd3 Qg5 30. Be2 g3 31. Bf3 h4 32. Qc3 Nf6 33. Rc1 Rd7 34. b6 c6
35. e5 h3 36. exf6 hxg2+ 37. Kxg2 Rh2+ 38. Kg1 Qe3+ 39. Kf1 Qxf3+ 40. Ke1 Qh1#
0-1

[Event "Challenge"]
[Site "http://www.queenalice.com/game.php?id=946105"]
[Date "2011.6.4"]
[Round "-"]
[White "juniorvaz100"]
[Black "pawnforme"]
[Result "0-1"]
[WhiteElo "1751"]
[BlackElo "2081"]

1. e4 c5 2. Bc4 e6 3. Nc3 Ne7 4. d3 Ng6 5. Nh3 Be7 6. g3 Nc6 7. Be3 d6 8. Bb5
O-O 9. Bxc6 bxc6 10. Qf3 e5 11. Ng1 Rb8 12. b3 Qa5 13. Bd2 Qc7 14. Nge2 Be6 15.
h4 Qd7 16. h5 Bg4 17. Qe3 Nh8 18. f3 Be6 19. g4 f6 20. Qg1 d5 21. h6 g6 22. g5
f5 23. Ng3 f4 24. Nge2 Nf7 25. O-O-O Nxg5 26. Qg2 Nf7 27. Rdg1 Nh8 0-1

[Event "Challenge"]
[Site "http://www.queenalice.com/game.php?id=946106"]
[Date "2011.6.4"]
[Round "-"]
[White "juniorvaz100"]
[Black "Rutty"]
[Result "0-1"]
[WhiteElo "1758"]
[BlackElo "1980"]

1. e4 e5 2. Nf3 Nc6 3. Bb5 Nd4 4. Nxd4 exd4 5. d3 a6 6. Bc4 b5 7. Bb3 c6 8. Qf3
Qf6 9. Qxf6 Nxf6 10. Bf4 Bb4+ 11. Bd2 Bxd2+ 12. Nxd2 d6 13. Nf3 c5 14. a3 Bg4
15. Nd2 O-O 16. f3 Be6 17. Bxe6 fxe6 18. O-O d5 19. e5 Nd7 20. f4 Rad8 21. Rf3
g6 22. g3 Nb6 23. b3 c4 24. Kf2 c3 25. Nb1 a5 0-1

[Event "Challenge"]
[Site "http://www.queenalice.com/game.php?id=947034"]
[Date "2011.6.7"]
[Round "-"]
[White "juniorvaz100"]
[Black "fantasigno"]
[Result "0-1"]
[WhiteElo "1744"]
[BlackElo "1907"]

1. e4 d6 2. Nf3 Nf6 3. Nc3 g6 4. h3 Bg7 5. d3 Nc6 6. d4 O-O 7. Be3 d5 8. e5 Nd7
9. Nxd5 e6 10. Nc3 Nb6 11. Bg5 f6 0-1

[Event "Challenge"]
[Site "http://www.queenalice.com/game.php?id=947036"]
[Date "2011.6.7"]
[Round "-"]
[White "juniorvaz100"]
[Black "kiwinap"]
[Result "0-1"]
[WhiteElo "1654"]
[BlackElo "2004"]

1. e4 e5 2. Nf3 Nc6 3. Bb5 a6 4. Bxc6 dxc6 5. Nxe5 Qd4 6. Nf3 Qxe4+ 7. Qe2 Qxe2+
8. Kxe2 Bg4 9. Re1 O-O-O 10. h3 Bxf3+ 11. Kxf3 Nf6 12. d3 h6 13. Ke2 Bc5 14. Kf1
Nd5 15. Bd2 Nb4 16. Bxb4 Bxb4 17. Re3 Rhe8 18. Rxe8 Rxe8 19. c3 Bd6 20. Nd2 Rd8
21. d4 Bf4 22. Nf3 b6 23. Rd1 c5 24. g3 Bd6 25. dxc5 Bxc5 26. Rxd8+ Kxd8 27. g4
Ke7 28. Ke2 a5 29. b3 Kf6 30. Nd2 Ke5 31. f3 Kf4 32. h4 g6 33. Ne4 Be7 34. h5
gxh5 35. gxh5 f5 36. Nf2 Kg5 37. Ke3 Kxh5 38. Kf4 Kg6 39. Nd3 Bd6+ 40. Ke3 Kg5
41. Nf2 Kh4 42. Ke2 h5 43. Nh1 Kh3 44. Kf1 h4 0-1

[Event "Challenge"]
[Site "http://www.queenalice.com/game.php?id=947037"]
[Date "2011.6.7"]
[Round "-"]
[White "juniorvaz100"]
[Black "Kirita"]
[Result "0-1"]
[WhiteElo "1697"]
[BlackElo "1744"]

1. e4 e5 2. Nf3 Nc6 3. Bc4 Nf6 4. Nc3 Be7 5. Bb5 Nd4 6. Bc4 h6 7. Nxe5 d5 8.
Nxd5 Nxe4 9. c3 Ne6 10. d3 Nd6 11. Qf3 c6 12. Nb4 Ng5 13. Bxg5 f6 14. Qh5+ Kf8
15. Ng6+ Ke8 16. Nxh8+ Kd7 17. Nf7 Nxf7 18. Qxf7 fxg5 19. Be6+ Kc7 20. Bxc8 Rxc8
21. Qxg7 a5 22. Qe5+ Bd6 23. Qxa5+ Kb8 24. Qxd8 Rxd8 25. O-O-O Bf4+ 26. Kc2 c5
27. g3 Bc7 28. h4 g4 29. Rhe1 cxb4 30. cxb4 Bd6 31. a3 b5 32. Re4 h5 0-1

[Event "Challenge"]
[Site "http://www.queenalice.com/game.php?id=947044"]
[Date "2011.6.7"]
[Round "-"]
[White "juniorvaz100"]
[Black "Ichglauble"]
[Result "0-1"]
[WhiteElo "1617"]
[BlackElo "1709"]

1. e4 e5 2. Nf3 Nc6 3. Bb5 Nf6 4. d3 Bb4+ 5. c3 Bc5 6. Bxc6 dxc6 7. Nxe5 Qe7 8.
Bf4 O-O 9. f3 h6 10. h4 Be6 11. g4 Rfd8 12. g5 hxg5 13. hxg5 Nh7 14. Qe2 f6 15.
gxf6 gxf6 16. Ng6 Qg7 17. Qg2 f5 18. Bh6 Qd7 19. Ne7+ Kf7 0-1

[Event "Challenge"]
[Site "http://www.queenalice.com/game.php?id=947045"]
[Date "2011.6.7"]
[Round "-"]
[White "juniorvaz100"]
[Black "Serrote"]
[Result "0-1"]
[WhiteElo "1723"]
[BlackElo "1966"]

1. e4 e6 2. Nc3 d5 3. exd5 exd5 4. Qf3 c6 5. b3 Nf6 6. h3 Be7 7. Bb2 O-O 8.
O-O-O Be6 9. Bd3 Nbd7 10. Nge2 Ne5 11. Qg3 Nxd3+ 12. Qxd3 Qd7 13. Rhe1 Bc5 14.
Qg3 Rfe8 15. Na4 Be7 16. Nf4 Qd6 17. Nxe6 fxe6 18. Qxd6 Bxd6 19. Bxf6 gxf6 20.
Re2 Kf7 21. Rde1 e5 22. Kd1 Re7 23. Nb2 Rg8 24. g4 h5 25. f3 hxg4 26. hxg4 Ke6
27. Nd3 Kd7 0-1

[Event "Challenge"]
[Site "http://www.queenalice.com/game.php?id=947047"]
[Date "2011.6.7"]
[Round "-"]
[White "juniorvaz100"]
[Black "jjlamanga"]
[Result "0-1"]
[WhiteElo "1723"]
[BlackElo "2052"]

1. e4 c6 2. Nf3 d5 3. e5 c5 4. Bb5+ Bd7 5. Bxd7+ Qxd7 6. d4 cxd4 7. Qxd4 Nc6 8.
Qf4 e6 9. Be3 Nge7 10. Nc3 Ng6 11. Qg3 Bb4 12. Bd2 d4 13. Ne2 Bxd2+ 14. Nxd2 Nb4
15. Qb3 Nxc2+ 16. Qxc2 d3 17. Qc4 dxe2 18. Qxe2 Nf4 19. Qe4 Nd3+ 20. Ke2 Nxf2
0-1

[Event "Challenge"]
[Site "http://www.queenalice.com/game.php?id=947050"]
[Date "2011.6.7"]
[Round "-"]
[White "juniorvaz100"]
[Black "Zorob"]
[Result "0-1"]
[WhiteElo "1699"]
[BlackElo "2163"]

1. e4 e5 2. Nf3 Nc6 3. Bb5 a6 4. Bxc6 dxc6 5. Nxe5 Qd4 6. Nd3 Qxe4+ 7. Qe2 Qxe2+
8. Kxe2 Bd6 9. b3 Ne7 10. Nc3 Bf5 11. f3 O-O-O 12. g4 Bxd3+ 13. Kxd3 Bxh2+ 14.
Ke2 Be5 15. Bb2 Ng6 16. Rae1 h6 17. Kd1 Bf6 18. Kc1 Rhe8 19. Ne4 Bxb2+ 20. Kxb2
Ne5 21. Rhf1 h5 22. gxh5 f5 23. Ng3 f4 24. Nf5 Rxd2 25. Nxg7 Nd3+ 26. Kc3 Rxe1
27. Rxe1 Nxe1 0-1

[Event "Challenge"]
[Site "http://www.queenalice.com/game.php?id=947052"]
[Date "2011.6.7"]
[Round "-"]
[White "juniorvaz100"]
[Black "silverado"]
[Result "0-1"]
[WhiteElo "1708"]
[BlackElo "1872"]

1. e4 e5 2. Nf3 Nc6 3. Bb5 Qf6 4. d3 h6 5. Bxc6 dxc6 6. Nc3 Bg4 7. h3 Bxf3 8.
Qxf3 Qxf3 9. gxf3 Bc5 10. Rg1 g6 11. Bd2 O-O-O 12. f4 exf4 13. Bxf4 g5 14. Be5
f6 15. Bh2 Ne7 16. Rg2 Ng6 17. O-O-O Nh4 18. Rg4 Bxf2 19. Rf1 Be3+ 0-1

[Event "Challenge"]
[Site "http://www.queenalice.com/game.php?id=947220"]
[Date "2011.6.7"]
[Round "-"]
[White "juniorvaz100"]
[Black "charles31"]
[Result "0-1"]
[WhiteElo "1717"]
[BlackElo "1881"]

1. e4 e5 2. Nf3 d6 3. Bc4 Nc6 4. h3 h6 5. Nc3 Nf6 6. d3 Be7 7. Be3 a6 8. Bd5
Nxd5 9. Nxd5 Be6 10. Nxe7 Qxe7 11. Qd2 Qf6 12. b3 d5 13. Qe2 d4 14. Bd2 a5 15.
a4 Qg6 16. g4 O-O-O 17. Rb1 f6 18. Nh4 Qf7 19. b4 axb4 20. Bxb4 Nxb4 21. Rxb4
Rd6 22. O-O g5 23. Ng2 h5 24. f3 Qh7 25. Kf2 hxg4 26. hxg4 Qh2 27. Ke1 Qg3+ 28.
Kd1 Ra6 29. Qf2 Qh2 30. Ke2 Bd7 31. Ra1 c5 32. Rc4 b6 33. Ne1 Qxf2+ 34. Kxf2 Be6
35. Ke2 Bxc4 36. dxc4 Ra7 37. Kd2 Rh2+ 38. Kd1 Rah7 39. a5 bxa5 0-1

[Event "Challenge"]
[Site "http://www.queenalice.com/game.php?id=947223"]
[Date "2011.6.7"]
[Round "-"]
[White "juniorvaz100"]
[Black "magrella"]
[Result "1-0"]
[WhiteElo "1757"]
[BlackElo "1947"]

1. e4 e5 2. Nf3 Nf6 3. Nc3 Bd6 4. Bc4 h6 5. d3 O-O 6. g4 Nxg4 7. h3 Nf6 8. Rg1
g5 9. Nxg5 hxg5 10. Bxg5 Kg7 11. Bh4+ Kh6 12. Bg5+ Kh7 13. Qf3 Be7 14. Bxf6 Kh6
15. Bg7+ Kh7 16. Qh5+ 1-0

[Event "Challenge"]
[Site "http://www.queenalice.com/game.php?id=947225"]
[Date "2011.6.7"]
[Round "-"]
[White "juniorvaz100"]
[Black "ztnilz"]
[Result "0-1"]
[WhiteElo "1735"]
[BlackElo "1837"]

1. e4 e5 2. Nf3 Qe7 3. Bc4 d6 4. d3 g6 5. Nc3 c6 6. Ng5 Nh6 7. Qf3 Bg7 8. h3 O-O
9. Be3 Kh8 10. Qg3 a5 11. h4 b5 12. Bxb5 cxb5 13. Nxb5 Ng4 14. Nc3 Nxe3 15. Qxe3
Bb7 16. h5 Bh6 17. hxg6 Qxg5 0-1